书目信息 |
| 题名: |
区域发展规划论
|
|
| 作者: | 方创琳 著 | |
| 分册: | ||
| 出版信息: | 北京 科学出版社 2000.01 |
|
| 页数: | 206页 | |
| 开本: | 16开 | |
| 丛书名: | ||
| 单 册: | ||
| 中图分类: | F127 | |
| 科图分类: | ||
| 主题词: | 经济--中国 | |
| 电子资源: | ||
| ISBN: | 7-03-008075-0 | |
| 000 | 00533nam0 2200193 45 | |
| 001 | 0012011491 | |
| 005 | 20001201144940.3 | |
| 010 | @a7-03-008075-0@d28.00元 | |
| 100 | @a20001201d2000 km y0chiy0120 ea | |
| 101 | 0 | @achi |
| 105 | @a z 000yy | |
| 200 | 1 | @a区域发展规划论@AQu Yu Fa Zhan Gui Hua Lun@f方创琳著@FFang Chuang Lin Zhu |
| 210 | @a北京@c科学出版社@d2000.01 | |
| 215 | @a206页@d16开 | |
| 606 | 0 | @a经济@x中国 |
| 690 | @aF127@v3 | |
| 701 | 0 | @a方创琳@4著 |
| 801 | @aCN@bPftUser@c20001201 | |
| 905 | @b509339@dF127@eF445@f1 | |
| 区域发展规划论/方创琳著.-北京:科学出版社,2000.01 |
| 206页;16开 |
| ISBN 7-03-008075-0:28.00元 |
| ● |
| 相关链接 |
|
|
|
正题名:区域发展规划论
索取号:F127/F445
 
预约/预借
| 序号 | 登录号 | 条形码 | 馆藏地/架位号 | 状态 | 备注 |
| 1 | 509339 | 205093398 | 社科库409/409社科库 114排1列5层/ [索取号:F127/F445] | 在馆 |